| 000 | 02485nam0a2200373 4500 | ||
|---|---|---|---|
| 001 | RU\NLR\bibl\1235140 | ||
| 005 | 20260405155448.0 | ||
| 010 |
_a978-5-7608-0561-4 _9300 |
||
| 021 |
_aRU _b2008-27051 _91493 |
||
| 035 | _a(NLR Aleph) 001221383 | ||
| 090 |
_a140630 _c140630 |
||
| 100 | _a20080602d2008 |||y0rusy50 ca | ||
| 101 | 0 | _arus | |
| 102 | _aRU | ||
| 105 | _aa ||||||||| | ||
| 200 | 1 |
_aФизиологические особенности формирования адаптивности, продуктивности и качества плодов у косточковых культур в предгорной зоне Северо-Западного Кавказа _fГ.В. Еремин, Л.Г. Семенова, Т.А. Гасанова _gпод общ. ред. акад. РАСХН Г.В. Еремина _gРос. акад. с.-х. наук, Крым. опыт.-селекц. станция |
|
| 210 |
_aМайкоп _cАдыгейское республиканское книжное издательство _d2008 |
||
| 215 |
_a209 с. _cил., цв. ил. _d21 |
||
| 300 | _aНа 4-й с. обл. авт.: Еремин Г.В., проф., д.с.-х.н., акад. РАСХН, засл. деят. науки Рос. Федерации, засл. деятель науки Кубани, Семенова Л.Г., к.б.н., доц., Гасанова Т.А., к.с.-х.н. | ||
| 320 | _aБиблиогр.: с. 192-209 (291 назв.) | ||
| 606 | 1 |
_aКосточковые культуры _xАдаптация в предгорьях _xФизиологические основы _yКавказ Северо-Западный _92525503 _3RU\NLR\auth\661496226 |
|
| 606 | 1 |
_aКосточковые культуры _xУрожайность в предгорьях _yКавказ Северо-Западный _92525508 _3RU\NLR\auth\661496229 |
|
| 686 | _aП256-275.96(2Р37) | ||
| 686 | _aП256-47(2Р37) | ||
| 700 | 1 |
_4070 _7ca _8rus _aЕремин _bГ. В. _f1932- _gГеннадий Викторович _9246160 _3RU\NLR\AUTH\770246216 |
|
| 701 | 1 |
_4070 _8rus _7ca _aСеменова _bЛ. Г. _cканд. биол. наук, физиология растений _gЛариса Григорьевна _3RU\NLR\auth\7766247 _949175 |
|
| 701 | 1 |
_aГасанова _bТ. А. _gТаисия Андреевна _4070 |
|
| 801 | 0 |
_aRU _bNLR _c20080602 _gRCR |
|
| 801 | 1 |
_aRU _bNLR _c20080602 |
|
| 942 | _cBOOK | ||
| 980 | _aNB | ||
| 980 | _aNBR | ||